000 01472cam a2200337 i 4500
001 64643
003 Mx-PuUPA
005 20221026133113.0
008 160405s2000 sp gr 000 e spa|d
020 _a9786077085096
040 _aMx-PuUPA
_bspa
_cMx-PuUPA
_dMx-PuUPA
_erda
041 0 _aspa
245 1 4 _aLas escuelas judiciales en el Estado democrático :
_b¿hacia dónde va la escuela judicial electoral? /
_cGabriela D. Ruvalcaba García, Felipe de la Mata Pizaña, Alfonso Herrera García, coordinación
250 _a1a. edición
264 1 _aCiudad de México :
_bTribunal Electoral del Poder Judicial de la Federación,
_c2020
300 _a204 páginas ;
_c25 cm
336 _atexto
_btxt
_2rdacontent
337 _2rdamedia
_asin medio
_bn
338 _2rdacarrier
_avolumen
_bnc
650 7 _2armarc
_aDerecho constitucional
_zMéxico
650 7 _2armarc
_aDerecho constitucional
_xEstudio y enseñanza
650 7 _2armarc
_aDerecho electoral
_xEscuela judicial
_vEnsayos
_zMéxico
650 7 _2armarc
_aDerecho electoral
_zMéxico
_xEnseñanza
700 1 _aRuvalcaba García, Gabriela D.,
_ecoordinador
_913458
700 1 _aMata Pizaña, Felipe de la,
_ecoordinador
_99839
700 1 _aHerrera García, Alfonso,
_ecoordinador
942 _2ddc
_cLI
_h340.07
_iE742
999 _c64643
_d64643